000 01248nam a2200313 i 4500
003 EG-GICUC
005 20260121101328.0
008 251120s1997 ua d|||fr|||| 00| 0 ara d
017 _a٩٧/١١١٤٤
020 _a9770421227
040 _a EG-GICUC
_bara
_c EG-GICUC
_d EG-GICUC
_erda
041 0 _aara
082 0 4 _221
_a345.326
_bم ح . م
092 0 4 _221
099 _aLaw1 07 345.326 م ح . م 1997
100 0 _aمحمد المتولي
_eمؤلف.
245 1 0 _aمبدأ المساواة أمام المرافق العامة :
_bبالتطبيق على توزيع الخدمات الصحية في مصر /
_cالدكتور محمد المتولي.
264 1 _aالقاهرة :
_bدار النهضة العربية،
_c1997.
300 _a495 صفحة :
_bإيضاحيات ؛
_c24 سم.
336 _2rda content
_atext
337 _2rda media
_aComputer
338 _2rda carrier
_aOnline Resource
504 _a. 445-482 ببليوجرافيا: صفحات.
546 _aالنص أغلبه باللغة العربية مع بعض النصوص الفرنسية
650 1 4 _aالقانون الإداري
856 4 0 _uhttps://fll.law.cu.edu.eg/fulltext/bks/B07-01046.pdf
905 _a32
_eYara
942 _2ddc
_cBK
_e21
_n0
999 _c45118
_d45118